000 00442nmm a2200157Ia 4500
008 251105s9999||||xx |||||||||||||||||und||
020 _a9788470303463
041 _aspa
100 _aRuiz-Castillo Ucelay, José
245 0 _a66 sonetos reflexivos
264 _a[Madrid, España] :
_bBiblioteca Nueva,
_c1993
300 _a78 páginas
650 _aSpanish poetry
856 _uhttps://public.digitaliapublishing.com/a/4301
942 _cCF
999 _c84726
_d84726